000 01321nam a2200289 a 4500
001 000022214
005 20200930011632.0
008 100920s2000 dr c 000 0 spa d
020 _a9993435082
040 _aDO-SdBNP
_bspa
_cBNPHU
082 _a324.65
_bS471v
111 2 _aSeminario el Voto de los Dominicanos en el Exterior
_d(2000 :
_cSanto Domingo)
_945942
245 1 3 _aEl voto de los dominicanos en el exterior /
_cpresentación Onofre Rojas.
260 _aSanto Domingo :
_bComisión Presidencial para la Reforma y Modernización del Estado,
_c2000.
300 _a133 p. :
_bretrs. ;
_c23 cm.
490 1 _aReforma política
490 1 _aSeminarios
_v2
500 _aIncluye referencias bibliográficas y notas al pie de páginas
500 _aSeminario organizado por la Junta Central Electoral, Secretaria de Estado de Relaciones Exteriores, Comisión Presidencial para la Reforma y Modernización del Estado el viernes 18 de febrero del año 2000
650 4 _aSufragio
_zRepública Dominicana
_xCongresos, congresos, etc.
_945943
650 4 _aElecciones
_zRepública Dominicana
_xCongresos, conferencias, etc.
_939149
700 1 2 _aRojas, Onofre
_epres.
_931119
830 0 _aReforma política
_945944
830 0 _aSeminarios
_n2
_936530
910 _aValidado. Control de calidad MFF
049 _aBNPD
999 _c21712
_d21712